000 00786nam a2200229 i 4500
003 DO-SdBNP
005 20250620101627.0
007 ta
008 250620s1980 dr c 000 0 spa d
040 _aDO-SdBNP
_bspa
_cBNPHU
_erda
082 _axxxx
_bB178
_222
100 1 _aBaldrich Beauregard, Efrain
_985664
_eautor
_4aut.
245 1 3 _aEl sistema capacitación y visitas en la República Dominicana /
_cEfraín Baldrich, Saulo Camejo, José María Madrid
264 _aSanto Domingo :
_bSecretaría de Estado de Agricultura,
_c1980.
300 _a45 páginas ;
_bretratos ;
_c21 cm.
336 _atexto
_btxt
_2rdacontent
337 _asin mediación
_bn
_2rdamedia
338 _avolumen
_bnc
_2rdacarrier
590 _aInventariado, 2025/ YL
910 _aYLockward
942 _2ddc
_cLF2
999 _c59340
_d59340